[Event "44th Chess Olympiad Women 2022"]
[Site "Chennai"]
[Date "2022.08.01"]
[Round "4.21"]
[White "Georgescu, Lena"]
[Black "Mezioud, Amina"]
[Result "1-0"]
[WhiteElo "2279"]
[BlackElo "2024"]
[Annotator "RC"]
[PlyCount "121"]
[EventDate "2022.07.29"]
[EventType "team-tourn"]
[EventCountry "IND"]
[SourceTitle "playchess.com"]
[Source "ChessBase"]
[SourceQuality "1"]
[WhiteTeam "Switzerland"]
[BlackTeam "Algeria"]
[WhiteTeamCountry "SUI"]
[BlackTeamCountry "ALG"]

1. e4 e5 2. Nf3 Nc6 3. Bb5 a6 4. Ba4 b5 5. Bb3 Bc5 6. c3 Bb6 7. d4 exd4 8. cxd4
d6 9. h3 Nf6 10. O-O O-O 11. Nc3 Na5 12. Bc2 h6 13. e5 dxe5 14. dxe5 Qxd1 15.
Rxd1 Nd7 16. Bf4 Rb8 17. b4 Nc4 18. a4 Re8 19. a5 Ba7 20. e6 fxe6 21. Bxc7 Rb7
22. Bg3 Nf6 23. Ne5 Bb8 24. Nxc4 bxc4 25. Bxb8 Rxb8 26. Ba4 Rf8 27. b5 axb5 28.
Bxb5 Nd5 29. Nxd5 Rxb5 30. Ne3 c3 31. Rdc1 Rb3 32. Nd1 Ba6 33. Rxc3 Rxc3 34.
Nxc3 Rf5 35. f3 Kf8 36. Kf2 Ke7 37. Ne4 Rd5 38. Ra3 Rb5 39. g4 Rd5 40. Ke3 Kd7
41. h4 Ke7 42. h5 e5 43. Ng3 Kf6 44. Nf5 Rc5 45. Kf2 Kf7 46. Ra2 g6 47. hxg6+
Kxg6 48. Rd2 Rxa5 49. Rd6+ Kg5 50. Kg3 h5 51. Nh4 Bd3 52. Rxd3 hxg4 53. fxg4 e4
54. Rc3 Rd5 55. Ng2 Rb5 56. Ne3 Re5 57. Rc4 Ra5 58. Rxe4 Rb5 59. Rd4 Rb3 60.
Kf3 Kh4 61. Rd5 1-0

[Event "44th Chess Olympiad Women 2022"]
[Site "Chennai"]
[Date "2022.08.01"]
[Round "4.21"]
[White "Nassr, Lina"]
[Black "Hakimifard, Ghazal"]
[Result "0-1"]
[WhiteElo "2011"]
[BlackElo "2296"]
[Annotator "RC"]
[PlyCount "130"]
[EventDate "2022.07.29"]
[EventType "team-tourn"]
[EventCountry "IND"]
[SourceTitle "playchess.com"]
[Source "ChessBase"]
[SourceQuality "1"]
[WhiteTeam "Algeria"]
[BlackTeam "Switzerland"]
[WhiteTeamCountry "ALG"]
[BlackTeamCountry "SUI"]

1. d4 Nf6 2. Nf3 e6 3. e3 b6 4. Bd3 Bb7 5. b3 d5 6. Bb2 Bd6 7. Nbd2 O-O 8. O-O
c5 9. Qe2 Nc6 10. a3 Rc8 11. Rfd1 cxd4 12. exd4 Ne7 13. Ne5 Ng6 14. Nxg6 hxg6
15. Nf3 Ne4 16. c4 Qe7 17. Bxe4 dxe4 18. Ne5 Qg5 19. Bc1 Qh5 20. Qxh5 gxh5 21.
Be3 Rfd8 22. b4 f6 23. c5 Bb8 24. Nc4 Bd5 25. Nd6 Bxd6 26. cxd6 b5 27. Rac1 Bc4
28. h4 Rxd6 29. g3 Rcd8 30. Re1 Ra6 31. Rc3 Kf7 32. Ra1 Ra4 33. Re1 a5 34. bxa5
Rxa5 35. Kg2 Ra4 36. Kg1 Ke7 37. Kg2 Rda8 38. Bc1 Kd6 39. Rce3 Bd5 40. Bb2 Rc4
41. Kg1 Rc2 42. R1e2 Rac8 43. Kh2 R8c4 44. Kg1 Bc6 45. Kh2 Kd5 46. Kg1 Be8 47.
Kg2 Bg6 48. Kf1 Rxe2 49. Rxe2 Bf5 50. Rd2 Bg4 51. Kg1 Bf3 52. Kf1 g5 53. Kg1
gxh4 54. gxh4 f5 55. Kh2 f4 56. Kg1 e3 57. fxe3 fxe3 58. Rh2 e2 59. Kf2 Rc2 60.
Rh3 Ke4 61. Rxf3 e1=Q+ 62. Kxe1 Kxf3 63. d5 Rxb2 64. d6 Ke3 65. Kd1 Rd2+ 0-1

[Event "44th Chess Olympiad Women 2022"]
[Site "Chennai"]
[Date "2022.08.01"]
[Round "4.22"]
[White "Cori T., Deysi"]
[Black "Hernandez Alvarez, Tania Regla"]
[Result "1-0"]
[WhiteElo "2371"]
[BlackElo "2058"]
[Annotator "RC"]
[PlyCount "55"]
[EventDate "2022.07.29"]
[EventType "team-tourn"]
[EventCountry "IND"]
[SourceTitle "playchess.com"]
[Source "ChessBase"]
[SourceQuality "1"]
[WhiteTeam "Peru"]
[BlackTeam "Costa Rica"]
[WhiteTeamCountry "PER"]
[BlackTeamCountry "CRI"]

1. Nf3 Nf6 2. d4 d5 3. g3 e6 4. Bg2 Be7 5. O-O O-O 6. Ne5 Nbd7 7. c4 c6 8. Nd2
Nxe5 9. dxe5 Nd7 10. Nf3 dxc4 11. Qc2 Qc7 12. Qe4 c5 13. a4 a5 14. Rd1 Nb6 15.
Bg5 h6 16. Bxe7 Qxe7 17. Rd6 Qc7 18. Nd2 Ra6 19. Qh4 f5 20. e4 Bd7 21. exf5
Rxf5 22. Bh3 Rxe5 23. Qe7 Qc8 24. Nxc4 Nxc4 25. Rxd7 Qf8 26. Rd8 Qxd8 27. Qxd8+
Kh7 28. Qd1 1-0

[Event "44th Chess Olympiad Women 2022"]
[Site "Chennai"]
[Date "2022.08.01"]
[Round "4.23"]
[White "Aulia, Medina Warda"]
[Black "Noshin, Anjum"]
[Result "1-0"]
[WhiteElo "2374"]
[BlackElo "2027"]
[Annotator "RC"]
[PlyCount "53"]
[EventDate "2022.07.29"]
[EventType "team-tourn"]
[EventCountry "IND"]
[SourceTitle "playchess.com"]
[Source "ChessBase"]
[SourceQuality "1"]
[WhiteTeam "Indonesia"]
[BlackTeam "Bangladesh"]
[WhiteTeamCountry "INA"]
[BlackTeamCountry "BAN"]

1. e4 e5 2. Nf3 Nc6 3. Bb5 Nge7 4. O-O Ng6 5. d4 exd4 6. Nxd4 Bc5 7. Nf5 O-O 8.
Nc3 a6 9. Bd3 d6 10. Qh5 Nce5 11. Be2 Be6 12. Kh1 Nd7 13. Bg5 f6 14. Bd2 Nge5
15. f4 Bf7 16. Qh4 Nc6 17. Rf3 b5 18. Rh3 Bg6 19. Bh5 Bxf5 20. exf5 h6 21. Bf3
Nd4 22. Bxa8 Qxa8 23. Qg4 Kh8 24. Re1 Re8 25. Rhe3 Rxe3 26. Rxe3 Qd8 27. Qg6
1-0

[Event "44th Chess Olympiad Women 2022"]
[Site "Chennai"]
[Date "2022.08.01"]
[Round "4.23"]
[White "Sultana, Sharmin Shirin"]
[Black "Sukandar, Irine Kharisma"]
[Result "0-1"]
[WhiteElo "1995"]
[BlackElo "2373"]
[Annotator "RC"]
[PlyCount "76"]
[EventDate "2022.07.29"]
[EventType "team-tourn"]
[EventCountry "IND"]
[SourceTitle "playchess.com"]
[Source "ChessBase"]
[SourceQuality "1"]
[WhiteTeam "Bangladesh"]
[BlackTeam "Indonesia"]
[WhiteTeamCountry "BAN"]
[BlackTeamCountry "INA"]

1. d4 Nf6 2. c4 e6 3. Nc3 Bb4 4. e3 O-O 5. Bd3 d5 6. Nf3 c5 7. O-O dxc4 8. Bxc4
Nc6 9. a3 Bxc3 10. bxc3 Qc7 11. Ba2 Rd8 12. h3 b6 13. Qe2 Na5 14. e4 Bb7 15. e5
Ne4 16. Ng5 Qc6 17. f3 Ng3 18. Qc2 g6 19. Bf4 Nh5 20. Bh2 cxd4 21. Ne4 dxc3 22.
Qc1 Rd4 23. Qe3 Qa4 24. Nxc3 Qd7 25. Rac1 Rd3 26. Qf2 Rc8 27. Nb1 Rxc1 28. Rxc1
Ba6 29. Qc2 Nf4 30. Kh1 Nd5 31. Bxd5 Qxd5 32. Bg3 Nb3 33. Re1 Nd4 34. Qa4 Bb5
35. Qxa7 Nxf3 36. Qb8+ Kg7 37. Nc3 Rxc3 38. Bf4 Nxe1 0-1

[Event "44th Chess Olympiad Women 2022"]
[Site "Chennai"]
[Date "2022.08.01"]
[Round "4.27"]
[White "Enomah Emmanuella Trust"]
[Black "Alinasab, Mobina"]
[Result "0-1"]
[WhiteElo "1901"]
[BlackElo "2364"]
[Annotator "RC"]
[PlyCount "68"]
[EventDate "2022.07.29"]
[EventType "team-tourn"]
[EventCountry "IND"]
[SourceTitle "playchess.com"]
[Source "ChessBase"]
[SourceQuality "1"]
[WhiteTeam "Nigeria"]
[BlackTeam "Iran"]
[WhiteTeamCountry "NGR"]
[BlackTeamCountry "IRI"]

1. c4 b6 2. e4 Bb7 3. Nc3 c5 4. g3 Nc6 5. Bg2 g6 6. Nge2 Bg7 7. d3 d6 8. Be3
Nf6 9. h3 Rc8 10. Qd2 h5 11. O-O Qd7 12. f4 O-O 13. f5 e6 14. fxg6 fxg6 15. Rf2
Ne7 16. Raf1 Nh7 17. Rxf8+ Nxf8 18. Bh6 Nc6 19. Bxg7 Qxg7 20. h4 Rd8 21. Nf4
Nd4 22. Kh2 Bc8 23. Nh3 Nh7 24. Ng5 Nf6 25. Bh3 Rf8 26. Kg2 Nh7 27. Rxf8+ Qxf8
28. Qf2 Nxg5 29. Qxf8+ Kxf8 30. hxg5 Ke7 31. Kf2 Nc6 32. Ne2 Kf7 33. Ke3 Ne7
34. Nc3 Bd7 0-1

[Event "44th Chess Olympiad Women 2022"]
[Site "Chennai"]
[Date "2022.08.01"]
[Round "4.28"]
[White "Frayna, Janelle Mae"]
[Black "Caxita, Esperanca"]
[Result "1-0"]
[WhiteElo "2224"]
[BlackElo "1955"]
[Annotator "RC"]
[PlyCount "141"]
[EventDate "2022.07.29"]
[EventType "team-tourn"]
[EventCountry "IND"]
[SourceTitle "playchess.com"]
[Source "ChessBase"]
[SourceQuality "1"]
[WhiteTeam "Philippines"]
[BlackTeam "Angola"]
[WhiteTeamCountry "PHI"]
[BlackTeamCountry "ANG"]

1. Nf3 Nf6 2. c4 e6 3. g3 d5 4. Bg2 c6 5. Qc2 Nbd7 6. d4 Bd6 7. Nbd2 Qe7 8. O-O
O-O 9. e4 dxe4 10. Nxe4 Nxe4 11. Qxe4 Nf6 12. Qc2 h6 13. Bd2 Rd8 14. Rfd1 Bd7
15. Ne5 Be8 16. Nd3 Rac8 17. Bc3 b6 18. b4 b5 19. c5 Bb8 20. a4 a6 21. axb5
axb5 22. Ra6 Nd5 23. Bb2 f6 24. Qe2 Bg6 25. Be4 Bf7 26. Re1 Qd7 27. Ra3 Re8 28.
Rd1 Re7 29. h4 Qe8 30. Re1 Kf8 31. Ra6 Bh5 32. Qd2 Bg4 33. Ra8 Qh5 34. Qc2 Qe8
35. Bc1 g5 36. Qd2 Kg7 37. Bg2 Bf5 38. Be4 Bxe4 39. Rxe4 Qg6 40. Qe1 f5 41. h5
Qf7 42. Re5 Rce8 43. Ra6 Bxe5 44. Nxe5 Qxh5 45. Nxc6 Rc7 46. Ne5 f4 47. g4 Qh4
48. Qe4 f3 49. Qg6+ Kf8 50. Rxe6 Rxe6 51. Qxe6 Qh3 52. Qf5+ Kg8 53. Qe6+ Kh8
54. Qe8+ Kg7 55. Qg6+ Kf8 56. Qf5+ Kg7 57. Nxf3 Rf7 58. Qe5+ Kg6 59. Qe4+ Kg7
60. Ne5 Nf4 61. Bxf4 Rxf4 62. Qb7+ Kg8 63. Qc8+ Kg7 64. Qd7+ Kg8 65. Qe6+ Kg7
66. d5 Qh4 67. Qg6+ Kh8 68. Qc2 Kg7 69. c6 Kf6 70. Qb2 Qh3 71. c7 1-0